Normal view
MARC view
Entry Personal Name
001 - CONTROL NUMBER
- control field: 11799
003 - CONTROL NUMBER IDENTIFIER
- control field: BD-RjUL
005 - DATE AND TIME OF LATEST TRANSACTION
- control field: 20240219120933.0
008 - FIXED-LENGTH DATA ELEMENTS
- fixed length control field: 240219|| aca||aabn | a|a d
040 ## - CATALOGING SOURCE
- Original cataloging agency: BD-RjUL
- Transcribing agency: BD-RjUL
100 ## - HEADING--PERSONAL NAME
- Personal name: Eliot, George,
- Dates associated with a name: 1819-1880
670 ## - SOURCE DATA FOUND
- Source citation: Work cat.: (BD-RjUL)83109: Eliot, George, 1819-1880., Middlemarch /by, 1950.[1930]